00267nam a2200109Ia 4500008004100000041000800041082001500049100000900064245003200073260003300105300001900138241028s9999 xx 000 0 und d aeng a657.42 BOY aBoyd aCost Accounting For Dummies bWiley IndiaaNew Delhic2023 a432;. P. 23 cm